Obálka Náhled e-knihy:
Epub
Pro půjčování e-knih musíte být přihlášeni.
Jak si půjčit online?

Savage Trilogy. 3, Říše neřesti /

Kane Savage a Temperance Ransomová ušli dlouhou a vzrušující cestu. V tomto posledním díle erotické trilogie se konečně jejich osudy naplní.

Uloženo v:
Série:Savage Trilogy, část 3
Hlavní autor: March, Meghan (Autor)
Další autoři: Brožová, Eva (Autor)
Médium: E-kniha
Jazyk:Czech
Vydáno: Praha : Baronet, 2022
Vydání:Vydání první
Témata:
Příbuzné jednotky:Z cyklu:: Savage Trilogy
Tagy:
Žádné tagy
LEADER 02188nam a2200469 i 4500
001 311595
003 CZ PrSKC
005 20260601215708.0
007 ta
008 220713s2022 xr e 000 f cze
015 |a cnb003436783 
020 |a 9788026918585  |q (vázáno) 
035 |a (OCoLC)1344358551 
040 |a ABG001  |b cze  |e rda 
041 1 |a cze  |h eng 
072 7 |a 821.111(73)-3  |x Americká próza  |2 Konspekt 
080 |a 821.111(73)-31  |2 MRF 
080 |a (0:82-993)  |2 MRF 
100 1 |a March, Meghan  |7 xx0256271  |4 aut 
240 1 0 |a Rogue royalty.  |l Česky 
245 1 0 |a Savage Trilogy.  |n 3,  |p Říše neřesti /  |c Meghan March ; přeložila: Eva Brožová 
246 3 0 |a Říše neřesti 
250 |a Vydání první 
264 1 |a Praha :  |b Baronet,  |c 2022 
300 |a 263 stran ;  |c 20 cm 
336 |a text  |b txt  |2 rdacontent 
337 |a bez média  |b n  |2 rdamedia 
338 |a svazek  |b nc  |2 rdacarrier 
500 |a Přeloženo z angličtiny 
520 2 |a Kane Savage a Temperance Ransomová ušli dlouhou a vzrušující cestu. V tomto posledním díle erotické trilogie se konečně jejich osudy naplní.  |b Poté, co se Temperance zamilovala do naprosto nevhodného a nebezpečného muže, její život se obrátil vzhůru nohama. Také tajemný Kane nedokázal Temperance odolat, přestože věděl, jakému nebezpečí ji vystavuje. Nyní budou muset svést poslední nebezpečný boj o své společné štěstí. 
546 |a Český text 
655 7 |a americké romány  |7 fd131796  |2 czenas 
655 7 |a erotické romány  |7 fd132211  |2 czenas 
655 9 |a American fiction  |2 eczenas 
655 9 |a erotic novels  |2 eczenas 
700 1 |a Brožová, Eva  |7 jn20010309864  |4 trl 
787 0 8 |i Z cyklu:  |t Savage Trilogy  |g 3 
900 |a ABA001  |b 21 
044 |a xr 
910 |a RBIT002 
998 |d 355730  |a https://core.palmknihy.cz/api/books/355730/cover?sgy8zz  |b https://core.palmknihy.cz/api/books/355730/cover/400?sgy8zz  |c https://core.palmknihy.cz/api/books/355730/cover/50?sgy8zz  |e 2027-07-07  |g 264  |i 9788026918585  |j https://core.palmknihy.cz/api/books/355730/preview.epub  |l   |q 49  |r 1  |s https://www.palmknihy.cz/kniha/355730  |t ebook  |y 2022  |z 0  |v Savage Trilogy  |w 3 
999 |d 311593